| 000 | 00592nam a22001337a 4500 | ||
|---|---|---|---|
| 100 | _aRoy, C.B | ||
| 245 | _aIntroduction to good scientific practices | ||
| 260 | _bIn: International Workshop on new Colletotrichum Circular Leaf Spot Disease Identification and Management. (Ed. C. Bindu Roy). 20-24 September 2022, Kottayam, India, Rubber Research Institute of India, Kottayam and International Rubber Research and Development Board, Malaysia, pp.72-78. | ||
| 300 | _bWorkshop Manual | ||
| 650 | _aGood scientific practice | ||
| 700 | _aAneesha, S.A | ||
| 700 | _aAswathy, C.S | ||
| 942 | _cJS | ||
| 999 |
_c74875 _d74875 |
||